000 00804nam a2200229 a 4500
001 653
003 BR-CuiBMT
005 20231212224818.0
008 231111s2009 spb d 000 0 por d
020 _a9788526013636
040 _aBR-CuiBMT
_cBR-CuiBMT
080 _22007
_a81'36
_x(038)
090 _dR
_a81'36(038)
_bV872
_c5. ed.
245 0 0 _aVocabulário ortográfico da língua portuguesa /
_cAcademia Brasileira de Letras.
250 _a5. ed.
260 _aSão Paulo :
_bGlobal,
_c2009.
300 _axcviii, 877 p. ;
_c28 cm +
_e1 encarte de correções e aditamentos
650 _aLíngua portuguesa
_xOrtografia e soletração
_xVocabulários, glossários
_zBrasil
650 _aLíngua portuguesa
_xOrtografia
_xDicionários
_zBrasil
710 1 _aAcademia Brasileira de Letras
942 _2udc
_cREF
999 _c653
_d653